Plant pathology and plant pathogens (Record no. 1238174)

MARC details
000 -LEADER
fixed length control field 00771nam a2200265Ia 4500
005 - DATE AND TIME OF LATEST TRANSACTION
control field 20250117110411.0
008 - FIXED-LENGTH DATA ELEMENTS--GENERAL INFORMATION
fixed length control field 008 250114s9999 xx 000 0 eng d
020 ## - INTERNATIONAL STANDARD BOOK NUMBER
International Standard Book Number 9781118893869
037 ## - SOURCE OF ACQUISITION
Stock number Textual
040 ## - CATALOGING SOURCE
Original cataloging agency CSL
Language of cataloging eng
Transcribing agency CSL
041 ## - LANGUAGE CODE
Language code of text/sound track or separate title eng
Source of code eng
084 ## - COLON CLASSIFICATION NUMBER
Classification number I;4 R0 Carb
Assigning agency CSL
100 ## - MAIN ENTRY--PERSONAL NAME
Personal name Lucas, John A
9 (RLIN) 497088
245 #0 - TITLE STATEMENT
Title Plant pathology and plant pathogens
Statement of responsibility, etc. Lucas, John A
250 ## - EDITION STATEMENT
Edition statement 4th
260 ## - PUBLICATION, DISTRIBUTION, ETC.
Place of publication, distribution, etc. West Sussex
Name of publisher, distributor, etc. Wiley Blackwell
Date of publication, distribution, etc. 2020
300 ## - PHYSICAL DESCRIPTION
Extent xi, 416p. ill.
650 ## - SUBJECT ADDED ENTRY--TOPICAL TERM
Topical term or geographic name entry element microbial pathogenicity
9 (RLIN) 734296
650 ## - SUBJECT ADDED ENTRY--TOPICAL TERM
Topical term or geographic name entry element pathogen biology
9 (RLIN) 734297
650 ## - SUBJECT ADDED ENTRY--TOPICAL TERM
Topical term or geographic name entry element plant defense
9 (RLIN) 710847
650 ## - SUBJECT ADDED ENTRY--TOPICAL TERM
Topical term or geographic name entry element plant diseces
9 (RLIN) 734713
650 ## - SUBJECT ADDED ENTRY--TOPICAL TERM
Topical term or geographic name entry element Botany
942 ## - ADDED ENTRY ELEMENTS (KOHA)
Koha item type Textual
Classification part I;4 R0 Carb
Holdings
Withdrawn status Lost status Source of classification or shelving scheme Damaged status Not for loan Home library Current library Shelving location Date acquired Source of acquisition Inventory number Total Checkouts Full call number Barcode Date last seen Price effective from Koha item type
    Colon Classification (CC)     Central Science Library Department of Botany Library   2025-01-17 N R Book Distributors 054, 05/02/2024   I;4 R0 Carb BD0006175 2025-01-17 2025-01-17 Textual
Copyright @ Delhi University Library System